BD - Les 15 meilleurs albums d'Astérix - Statistiques

Statistiques générales
  • Ce quiz a été pris 100 fois
  • Le résultat moyen est 2 sur 15
Statistiques - réponses
Hint Extra Hint Réponse % Correct
Astérix et Cléopâtre 1965 1
74%
Astérix chez les Bretons 1966 2
15%
Astérix et les Goths 1963 14
14%
Astérix légionnaire 1966 4
14%
Le domaine des dieux 1971 7
11%
La Zizanie 1970 8
11%
Le Tour de Gaule d'Astérix 1965 3
9%
Astérix chez les Helvètes 1970 6
9%
Le Devin 1972 13
8%
Astérix gladiateur 1964 15
8%
Le bouclier arverne 1967 9
8%
Astérix chez les Belge 1979 12
6%
Astérix en Corse 1973 5
6%
La serpe d'or 1962 11
5%
Astérix aux Jeux Olympiques 1968 10
2%
Aucun quiz correspondant
Distribution des résultats
% des personnes avec chaque résultat
Percentile par nombre de réponses
Votre historique - résultats
Vous n’avez pas pris ce quiz